[Event "FIDE WRBTC Blitz-Pool 2024"]
[Site "Astana"]
[Date "2024.08.05"]
[Round "3.27"]
[White "Wang, Yue"]
[Black "Zhu, Chen"]
[Result "1-0"]
[WhiteElo "2637"]
[BlackElo "2423"]
[Annotator "ChessBase"]
[PlyCount "109"]
[EventDate "2024.08.01"]
[EventType "team-tourn"]
[EventCountry "KAZ"]
[SourceTitle "playchess.com"]
[Source "ChessBase"]
[SourceQuality "1"]

1. e4 c5 2. Nf3 d6 3. d4 cxd4 4. Nxd4 Nf6 5. Nc3 a6 6. Be2 e5 7. Nb3 Be7 8. O-O O-O 9. Re1 Be6 10. Bf3 Nbd7 11. a4 Rc8 12. a5 Qc7 13. Be3 Rfd8 14. Nd2 Qc6 15. Nf1 Nc5 16. Bg5 h6 17. Bxf6 Bxf6 18. Ne3 Bg5 19. Ned5 Rf8 20. g3 Kh8 21. Bg2 Nd7 22. h4 Bd8 23. Qd2 Qc5 24. b4 Qa7 25. Ne3 Qb8 26. Ncd5 Nf6 27. Nxf6 Bxf6 28. Rad1 Be7 29. Nf5 Bxf5 30. exf5 b6 31. axb6 Qxb6 32. Bd5 Rb8 33. c3 a5 34. Rb1 axb4 35. cxb4 Qb5 36. Rec1 Bd8 37. Bc4 Qb6 38. Kg2 f6 39. b5 Qd4 40. Qxd4 exd4 41. Be6 Bb6 42. Rc6 Bc5 43. b6 Rb7 44. Bd5 Rfb8 45. Kf3 Rxb6 46. Rbxb6 Bxb6 47. Rxd6 Ba5 48. Be6 Bc3 49. Kg4 Be1 50. f3 Bf2 51. Rd7 Re8 52. Kh5 d3 53. g4 Rb8 54. Kg6 Bxh4 55. Rxg7 1-0

[Event "FIDE WRBTC Blitz-Pool 2024"]
[Site "Astana"]
[Date "2024.08.05"]
[Round "3.28"]
[White "Nakhbayeva, Guliskhan"]
[Black "Ju, Wenjun"]
[Result "0-1"]
[WhiteElo "2326"]
[BlackElo "2563"]
[Annotator "ChessBase"]
[PlyCount "84"]
[EventDate "2024.08.01"]
[EventType "team-tourn"]
[EventCountry "KAZ"]
[SourceTitle "playchess.com"]
[Source "ChessBase"]
[SourceQuality "1"]

1. d4 Nf6 2. c4 e6 3. Nc3 Bb4 4. e3 O-O 5. Bd3 d5 6. Nge2 c5 7. O-O cxd4 8. exd4 dxc4 9. Bxc4 Nbd7 10. Bg5 h6 11. Bh4 Be7 12. Rc1 Nb6 13. Bb3 Bd7 14. Re1 Bc6 15. Qd3 Nfd5 16. Bxe7 Qxe7 17. a3 Rfd8 18. Ne4 Nf6 19. Nc5 Bd5 20. Rcd1 Bxb3 21. Qxb3 Rd6 22. a4 Rb8 23. Nc3 a6 24. a5 Nbd5 25. N3a4 Qc7 26. Rc1 Rc6 27. Nd3 Rxc1 28. Rxc1 Qxa5 29. Nac5 Qb5 30. Qd1 b6 31. Na4 Rd8 32. h3 Nb4 33. Nxb4 Qxb4 34. Nc3 Qxb2 35. Na4 Qxd4 36. Qxd4 Rxd4 37. Nxb6 Rb4 38. Rc8+ Kh7 39. Nc4 Rb1+ 40. Kh2 Rc1 41. Kg3 a5 42. Rc7 a4 0-1

[Event "FIDE WRBTC Blitz-Pool 2024"]
[Site "Astana"]
[Date "2024.08.05"]
[Round "3.28"]
[White "Tuleyeva-Aketayeva, Dana"]
[Black "Sadvakasov, Darmen"]
[Result "0-1"]
[WhiteElo "2130"]
[BlackElo "2629"]
[Annotator "ChessBase"]
[PlyCount "110"]
[EventDate "2024.08.01"]
[EventType "team-tourn"]
[EventCountry "KAZ"]
[SourceTitle "playchess.com"]
[Source "ChessBase"]
[SourceQuality "1"]

1. Nf3 Nf6 2. g3 b6 3. Bg2 Bb7 4. c4 c5 5. Nc3 e6 6. O-O Be7 7. d3 d5 8. cxd5 exd5 9. d4 O-O 10. Bg5 Nbd7 11. e3 Ne4 12. Bxe7 Qxe7 13. Nd2 Nef6 14. dxc5 bxc5 15. Nb3 Nb6 16. a4 Rad8 17. a5 Nc4 18. Qe2 Ne5 19. Rfd1 Rfe8 20. Qc2 Ba8 21. Na4 c4 22. Nd4 Rb8 23. Nc3 Qb4 24. Rdb1 Rec8 25. Nf5 g6 26. Nd4 h5 27. Ra4 Qe7 28. Nce2 h4 29. Nf4 Kg7 30. Nde2 hxg3 31. hxg3 Neg4 32. Nc3 Qe5 33. Rd1 Rd8 34. Raa1 Bc6 35. Nce2 Ba8 36. Nd4 Rh8 37. Nf3 Qe7 38. Nd4 Qe5 39. Qe2 Rbe8 40. Nf3 Qe7 41. Ne1 Ne5 42. Nxd5 Bxd5 43. Bxd5 Nxd5 44. Rxd5 Qb7 45. e4 Qc8 46. Qf1 Qg4 47. Qg2 Rh5 48. Rad1 Reh8 49. f3 Rh1+ 50. Kf2 Qe6 51. Ke3 R8h2 52. Qxh1 Rxh1 53. f4 Ng4+ 54. Kf3 Rf1+ 55. Kg2 Ne3+ 0-1

[Event "FIDE WRBTC Blitz-Pool 2024"]
[Site "Astana"]
[Date "2024.08.05"]
[Round "3.29"]
[White "Xu, Xiangyu"]
[Black "Turlej, Lukasz"]
[Result "1-0"]
[WhiteElo "2628"]
[BlackElo "2105"]
[Annotator "ChessBase"]
[PlyCount "59"]
[EventDate "2024.08.01"]
[EventType "team-tourn"]
[EventCountry "KAZ"]
[SourceTitle "playchess.com"]
[Source "ChessBase"]
[SourceQuality "1"]

1. d4 Nf6 2. c4 e6 3. g3 Bb4+ 4. Nd2 d5 5. Bg2 c6 6. Qc2 O-O 7. Ngf3 Nbd7 8. O-O Re8 9. e4 dxe4 10. Nxe4 Nxe4 11. Qxe4 Nf6 12. Qc2 Qc7 13. c5 Qe7 14. Qa4 Nd5 15. Ne5 Bxc5 16. dxc5 Qxc5 17. Bd2 Qd6 18. Rfe1 b5 19. Qc2 Bb7 20. Rac1 Rac8 21. Qc5 Qb8 22. h4 h6 23. h5 a5 24. Bxa5 Qa8 25. b4 Nf6 26. Rcd1 Rf8 27. Nd7 Nxd7 28. Rxd7 Rce8 29. Qb6 Rb8 30. Qc7 1-0

[Event "FIDE WRBTC Blitz-Pool 2024"]
[Site "Astana"]
[Date "2024.08.05"]
[Round "3.29"]
[White "Assaubayeva, Bibisara"]
[Black "Akylbek, Eskendir"]
[Result "1-0"]
[WhiteElo "2470"]
[BlackElo "1603"]
[Annotator "ChessBase"]
[PlyCount "37"]
[EventDate "2024.08.01"]
[EventType "team-tourn"]
[EventCountry "KAZ"]
[SourceTitle "playchess.com"]
[Source "ChessBase"]
[SourceQuality "1"]

1. c4 e5 2. g3 Nc6 3. Bg2 g6 4. Nc3 Bg7 5. e3 Nge7 6. Nge2 d6 7. b3 O-O 8. O-O f5 9. d4 Nb8 10. dxe5 dxe5 11. Qxd8 Rxd8 12. Ba3 Nbc6 13. Nd5 Nxd5 14. cxd5 Nb8 15. Rac1 Na6 16. Rfd1 Bd7 17. Nc3 e4 18. Bf1 Rac8 19. Nb5 1-0

[Event "FIDE WRBTC Blitz-Pool 2024"]
[Site "Astana"]
[Date "2024.08.05"]
[Round "3.30"]
[White "Musauly, Nurali"]
[Black "Pang, Bo"]
[Result "0-1"]
[WhiteElo "1816"]
[BlackElo "1400"]
[Annotator "NA"]
[PlyCount "64"]
[EventDate "2024.08.01"]
[EventType "team-tourn"]
[EventCountry "KAZ"]
[SourceTitle "playchess.com"]
[Source "ChessBase"]
[SourceQuality "1"]

1. Nf3 c5 2. c4 Nc6 3. Nc3 e5 4. d3 g6 5. g3 Bg7 6. Bg2 Nge7 7. O-O O-O 8. e3 f5 9. Rb1 h6 10. a3 d6 11. Qc2 a5 12. b3 Be6 13. Bb2 g5 14. Nd2 f4 15. Nd5 Rb8 16. exf4 gxf4 17. gxf4 Ng6 18. d4 Nh4 19. Be4 exd4 20. Qd3 Kh8 21. Kh1 Ne7 22. Rg1 Nxd5 23. cxd5 Bg8 24. Rxg7 Kxg7 25. Qg3+ Kh8 26. Rg1 Qf6 27. Nf3 Nxf3 28. Qxf3 Bh7 29. Bxh7 Kxh7 30. b4 Qxf4 31. Qh5 Qf3+ 32. Qxf3 Rxf3 0-1

[Event "FIDE WRBTC Blitz-Pool 2024"]
[Site "Astana"]
[Date "2024.08.05"]
[Round "3.30"]
[White "Demezhanov, Tuleubek"]
[Black "Ayapov, Alimzhan"]
[Result "1-0"]
[WhiteElo "1776"]
[BlackElo "2001"]
[Annotator "ChessBase"]
[PlyCount "45"]
[EventDate "2024.08.01"]
[EventType "team-tourn"]
[EventCountry "KAZ"]
[SourceTitle "playchess.com"]
[Source "ChessBase"]
[SourceQuality "1"]

1. e4 c6 2. d4 d5 3. e5 c5 4. dxc5 e6 5. Be3 Nd7 6. Nf3 Ne7 7. c4 Nf5 8. cxd5 Nxe3 9. fxe3 Bxc5 10. dxe6 fxe6 11. Bc4 Qe7 12. Qd3 O-O 13. O-O Nb6 14. Bb3 Bd7 15. Nc3 Bc6 16. Ne4 Rad8 17. Nd4 Nd5 18. Nxc5 Qxc5 19. Nxe6 Rxf1+ 20. Rxf1 Qe7 21. Nxd8 Qxd8 22. e4 Qb6+ 23. Kh1 1-0

[Event "FIDE WRBTC Blitz-Pool 2024"]
[Site "Astana"]
[Date "2024.08.05"]
[Round "3.31"]
[White "Petukhov, Alan"]
[Black "Bulatov, Ramil"]
[Result "1/2-1/2"]
[WhiteElo "2224"]
[BlackElo "2137"]
[Annotator "ChessBase"]
[PlyCount "137"]
[EventDate "2024.08.01"]
[EventType "team-tourn"]
[EventCountry "KAZ"]
[SourceTitle "playchess.com"]
[Source "ChessBase"]
[SourceQuality "1"]

1. c4 Nf6 2. Nf3 g6 3. g3 c6 4. b3 Bg7 5. Bb2 d5 6. Bg2 O-O 7. O-O a5 8. cxd5 cxd5 9. Nc3 Ne4 10. Qc1 Nc6 11. d3 Nxc3 12. Bxc3 a4 13. Bxg7 Kxg7 14. b4 Bg4 15. Qb2+ f6 16. b5 Bxf3 17. bxc6 Bxg2 18. cxb7 Bxf1 19. bxa8=Q Qxa8 20. Rxf1 Rb8 21. Qa3 Qa7 22. Rc1 h5 23. h4 Qd7 24. d4 Kf7 25. Qe3 Kg7 26. Rc2 Rb6 27. Kg2 Qe6 28. Qxe6 Rxe6 29. e3 Ra6 30. Rc5 e6 31. a3 Ra7 32. Rb5 Kf7 33. Kf3 Ke7 34. g4 hxg4+ 35. Kxg4 Kf7 36. Rb6 Ke7 37. f3 Kf7 38. e4 dxe4 39. fxe4 Rd7 40. Rb4 Ra7 41. Kf4 Ke7 42. Rb8 Rd7 43. Ke3 f5 44. exf5 exf5 45. Rb4 Ra7 46. Kf4 Kf7 47. d5 Rd7 48. Ke5 Re7+ 49. Kd6 Re4 50. Rb7+ Kf6 51. Rh7 f4 52. Rh8 Kg7 53. Rc8 f3 54. Rc7+ Kf6 55. Rc3 Rf4 56. Rc1 Kf5 57. Kc5 f2 58. Rf1 Kg4 59. d6 Kg3 60. d7 Rf8 61. Kd6 Kg2 62. Rc1 f1=Q 63. Rxf1 Kxf1 64. Ke7 Ra8 65. d8=Q Rxd8 66. Kxd8 Kg2 67. Ke7 Kg3 68. Kf6 Kxh4 69. Kxg6 1/2-1/2

[Event "FIDE WRBTC Blitz-Pool 2024"]
[Site "Astana"]
[Date "2024.08.05"]
[Round "3.31"]
[White "Altair, Almir"]
[Black "Gareyev, Timur"]
[Result "0-1"]
[WhiteElo "1546"]
[BlackElo "2541"]
[Annotator "ChessBase"]
[PlyCount "88"]
[EventDate "2024.08.01"]
[EventType "team-tourn"]
[EventCountry "KAZ"]
[SourceTitle "playchess.com"]
[Source "ChessBase"]
[SourceQuality "1"]

1. e4 e6 2. d4 d5 3. exd5 exd5 4. Nc3 c6 5. Nf3 Bd6 6. Bd3 Ne7 7. Be3 Bf5 8. Qd2 b5 9. O-O Qc7 10. Rfe1 O-O 11. Bg5 Bxd3 12. Qxd3 Ng6 13. g3 h6 14. Bd2 Nd7 15. h4 Nf6 16. Qf1 b4 17. Ne2 Ne4 18. Be3 f5 19. Qh3 f4 20. Qe6+ Kh7 21. h5 Rf6 22. hxg6+ Rxg6 23. Qh3 fxe3 24. Nh4 exf2+ 25. Kg2 fxe1=N+ 26. Rxe1 Rf6 27. Nf4 Qf7 28. Rf1 a5 29. b3 a4 30. Kh2 axb3 31. axb3 Ra2 32. Qg2 g5 33. Nhg6 gxf4 34. Ne5 fxg3+ 35. Qxg3 Qh5+ 36. Qh3 Qe2+ 37. Qg2 Bxe5+ 38. Kh1 Ng3+ 39. Kg1 Bxd4+ 40. Kh2 Qh5+ 41. Qh3 Rxc2+ 42. Rf2 Nf1+ 43. Kg2 Ne3+ 44. Qxe3 Rg6+ 0-1

[Event "FIDE WRBTC Blitz-Pool 2024"]
[Site "Astana"]
[Date "2024.08.05"]
[Round "3.32"]
[White "Bernadskiy, Vitaliy"]
[Black "Marat, Yasmin"]
[Result "1-0"]
[WhiteElo "2530"]
[BlackElo "1414"]
[Annotator "ChessBase"]
[PlyCount "111"]
[EventDate "2024.08.01"]
[EventType "team-tourn"]
[EventCountry "KAZ"]
[SourceTitle "playchess.com"]
[Source "ChessBase"]
[SourceQuality "1"]

1. Nf3 Nf6 2. g3 d5 3. Bg2 e6 4. O-O Bd6 5. d3 c6 6. Nbd2 Nbd7 7. e4 dxe4 8. dxe4 e5 9. Nc4 Bc7 10. Nd6+ Bxd6 11. Qxd6 Nxe4 12. Qb4 Nef6 13. Re1 c5 14. Qd2 e4 15. Qd6 Qb6 16. Bf4 Qxd6 17. Bxd6 Nb6 18. Bxc5 Be6 19. Ng5 Rc8 20. Nxe6 fxe6 21. Bxb6 axb6 22. Bxe4 Nxe4 23. Rxe4 Kf7 24. c3 Rhe8 25. Rd1 Re7 26. Kg2 Ra8 27. a3 Ra5 28. Rf4+ Ke8 29. Rb4 Ra6 30. h4 e5 31. Re1 Re6 32. Rb5 Ra5 33. Rb4 Rd5 34. Rbe4 Kd7 35. R1e2 Kd6 36. f4 Re7 37. a4 g6 38. Kh3 b5 39. fxe5+ Rexe5 40. Rxe5 Rxe5 41. Rxe5 Kxe5 42. axb5 b6 43. Kg4 h6 44. h5 g5 45. b3 Ke4 46. c4 Ke5 47. b4 Ke6 48. c5 bxc5 49. bxc5 Kd5 50. b6 Kc6 51. Kf5 Kb7 52. Ke5 Kc6 53. Kd4 Kb7 54. Kd5 g4 55. Kd6 Kb8 56. c6 1-0

[Event "FIDE WRBTC Blitz-Pool 2024"]
[Site "Astana"]
[Date "2024.08.05"]
[Round "3.32"]
[White "Ishmukhamedov, Akhmet"]
[Black "Balmagambetov, Timur"]
[Result "1-0"]
[WhiteElo "1978"]
[BlackElo "2154"]
[Annotator "ChessBase"]
[PlyCount "137"]
[EventDate "2024.08.01"]
[EventType "team-tourn"]
[EventCountry "KAZ"]
[SourceTitle "playchess.com"]
[Source "ChessBase"]
[SourceQuality "1"]

1. Nf3 Nf6 2. g3 g6 3. Bg2 Bg7 4. O-O O-O 5. d3 d6 6. Re1 e5 7. Nbd2 Nc6 8. Nf1 h6 9. e4 Re8 10. Ne3 Be6 11. c4 Nd7 12. Bd2 a5 13. b3 Kh7 14. Bc3 Nc5 15. h3 Qd7 16. Kh2 Rab8 17. a3 a4 18. b4 Nb3 19. Rb1 Ncd4 20. Bxd4 exd4 21. Nd5 b5 22. Nd2 Nxd2 23. Qxd2 bxc4 24. dxc4 c6 25. Nf4 Bxc4 26. Rbc1 Bb5 27. Ne2 Qa7 28. Qf4 Be5 29. Qd2 Bg7 30. Qf4 Rbd8 31. Ng1 c5 32. bxc5 dxc5 33. Bf1 Bxf1 34. Rxf1 Rc8 35. Rc4 Be5 36. Qd2 Qd7 37. Nf3 Bg7 38. Re1 Qb5 39. Rec1 Rxe4 40. Ng1 Re7 41. Ne2 Rec7 42. Nf4 Qd7 43. Qd3 Re8 44. Ng2 Qd6 45. Qf3 Bf8 46. Rd1 Qe6 47. Rdxd4 Kg8 48. Re4 Qd7 49. Rxe8 Qxe8 50. Nf4 Qe5 51. Nd5 Ra7 52. Nf6+ Kg7 53. Ng4 Qe6 54. Qc3+ Kg8 55. Nf6+ Kh8 56. Ng4+ Bg7 57. Qd3 Bd4 58. Rxd4 f5 59. Rd8+ Kg7 60. Qc3+ Kf7 61. Nxh6+ Ke7 62. Qxc5+ Kxd8 63. Qxa7 Qc4 64. Qa5+ Ke8 65. Qe5+ Kd7 66. Nxf5 gxf5 67. Qxf5+ Ke7 68. Qe5+ Kf7 69. Qf4+ 1-0

[Event "FIDE WRBTC Blitz-Pool 2024"]
[Site "Astana"]
[Date "2024.08.05"]
[Round "3.33"]
[White "Amangeldy, Ernur"]
[Black "Lysakov, Anton"]
[Result "1-0"]
[WhiteElo "2274"]
[BlackElo "1947"]
[Annotator "ChessBase"]
[PlyCount "87"]
[EventDate "2024.08.01"]
[EventType "team-tourn"]
[EventCountry "KAZ"]
[SourceTitle "playchess.com"]
[Source "ChessBase"]
[SourceQuality "1"]

1. d4 d5 2. c4 c6 3. Nf3 Nf6 4. Nc3 e6 5. Bg5 Be7 6. e3 O-O 7. Qc2 h6 8. Bh4 Nbd7 9. Rd1 Qc7 10. a3 Re8 11. Bd3 e5 12. cxd5 cxd5 13. O-O e4 14. Nxe4 Qxc2 15. Nxf6+ Nxf6 16. Bxc2 Bg4 17. h3 Bxf3 18. gxf3 Rac8 19. Bf5 Rc6 20. Rc1 g5 21. Rxc6 bxc6 22. Bg3 Nh5 23. Bh2 Ng7 24. Bd7 Rd8 25. Bxc6 Nf5 26. f4 Nh4 27. fxg5 hxg5 28. Bg3 Nf3+ 29. Kg2 Nd2 30. Rc1 Ne4 31. b4 Nf6 32. Be5 Ne4 33. Ba4 Nd2 34. Rc7 Bd6 35. Bxd6 Rxd6 36. Rxa7 Ne4 37. Bc2 Nc3 38. a4 Rf6 39. a5 Nb5 40. Rb7 Na3 41. Bd3 Rd6 42. a6 Nc4 43. a7 Ra6 44. Rb8+ 1-0

[Event "FIDE WRBTC Blitz-Pool 2024"]
[Site "Astana"]
[Date "2024.08.05"]
[Round "3.33"]
[White "Aitzhan, Karim"]
[Black "Gumularz, Szymon"]
[Result "0-1"]
[WhiteElo "1706"]
[BlackElo "2571"]
[Annotator "ChessBase"]
[PlyCount "82"]
[EventDate "2024.08.01"]
[EventType "team-tourn"]
[EventCountry "KAZ"]
[SourceTitle "playchess.com"]
[Source "ChessBase"]
[SourceQuality "1"]

1. e4 c6 2. Nc3 d5 3. Qf3 e6 4. d4 Qb6 5. Nge2 Nf6 6. e5 Nfd7 7. b3 c5 8. Be3 Nc6 9. O-O-O Qa5 10. Kb2 cxd4 11. Bxd4 Nxd4 12. Rxd4 Bc5 13. Qg3 Bxd4 14. Nxd4 O-O 15. Bd3 Nc5 16. f4 Qb4 17. Nde2 Bd7 18. a3 Qb6 19. h4 Rac8 20. h5 h6 21. Qf3 d4 22. Ne4 Nxd3+ 23. Qxd3 Bb5 24. Qf3 Bxe2 25. Qxe2 Qc6 26. g4 d3 27. Qxd3 Rfd8 28. Qe2 Rd4 29. Re1 a5 30. a4 Qb6 31. Nd6 Rc6 32. Ka2 Qc5 33. Rc1 Rxf4 34. g5 hxg5 35. h6 gxh6 36. Qh5 Kg7 37. Rh1 Qxc2+ 38. Ka3 Rxa4+ 39. Kxa4 Qa2+ 40. Kb5 Qxb3+ 41. Kxa5 Ra6# 0-1

[Event "FIDE WRBTC Blitz-Pool 2024"]
[Site "Astana"]
[Date "2024.08.05"]
[Round "3.34"]
[White "Pakleza, Zbigniew"]
[Black "Yerseit, Alim"]
[Result "1-0"]
[WhiteElo "2483"]
[BlackElo "1495"]
[Annotator "ChessBase"]
[PlyCount "70"]
[EventDate "2024.08.01"]
[EventType "team-tourn"]
[EventCountry "KAZ"]
[SourceTitle "playchess.com"]
[Source "ChessBase"]
[SourceQuality "1"]

1. d4 d6 2. Nf3 Nf6 3. Bf4 Bg4 4. Nbd2 Nbd7 5. h3 Bh5 6. c3 Bg6 7. e3 e6 8. Qb3 Nb6 9. a4 a5 10. Bb5+ c6 11. Be2 Be7 12. O-O O-O 13. Bh2 Qc7 14. c4 c5 15. Nb1 Nbd7 16. Nc3 cxd4 17. exd4 e5 18. Nb5 Qb8 19. Rad1 Ne4 20. dxe5 Ndc5 21. Qa2 dxe5 22. Nxe5 Qc8 23. Bf3 Ra6 24. Rfe1 Re6 25. Nd4 Rb6 26. Nxg6 hxg6 27. Bxe4 Nxe4 28. Rxe4 Bc5 29. Nb5 f5 30. Re5 Bb4 31. c5+ Kh7 32. cxb6 Qc2 33. Qb1 Qc4 34. Qd3 Qc8 35. Bf4 Rf7 1-0

[Event "FIDE WRBTC Blitz-Pool 2024"]
[Site "Astana"]
[Date "2024.08.05"]
[Round "3.34"]
[White "Minnekhanov, Eldar"]
[Black "Assylov, Miras"]
[Result "0-1"]
[WhiteElo "1750"]
[BlackElo "2300"]
[Annotator "ChessBase"]
[PlyCount "109"]
[EventDate "2024.08.01"]
[EventType "team-tourn"]
[EventCountry "KAZ"]
[SourceTitle "playchess.com"]
[Source "ChessBase"]
[SourceQuality "1"]

1. e4 c5 2. Nf3 d6 3. d4 cxd4 4. Nxd4 Nf6 5. Nc3 Nc6 6. Bc4 e6 7. Bb3 Be7 8. O-O O-O 9. f4 a6 10. Be3 Bd7 11. f5 e5 12. Nxc6 bxc6 13. Kh1 Rb8 14. Bg5 Bc8 15. Qd3 h6 16. Bh4 Rb4 17. Bxf6 Bxf6 18. Ne2 Qe7 19. Rad1 Rd8 20. a3 Rb8 21. Ng3 a5 22. Nh5 Bb7 23. Rf3 d5 24. exd5 e4 25. Nxf6+ Qxf6 26. Qxe4 cxd5 27. Bxd5 Bxd5 28. Rxd5 Re8 29. Qf4 Rxb2 30. h3 Rxc2 31. Re3 Rec8 32. Rd7 Rc1+ 33. Kh2 R8c2 34. Re8+ Kh7 35. Rdd8 g5 36. Rh8+ Qxh8 37. Rxh8+ Kxh8 38. Qe4 Rc6 39. Qe5+ Kg8 40. f6 Kh7 41. Qe8 Kg6 42. Qe5 R1c5 43. Qd4 h5 44. a4 h4 45. Kg1 Rf5 46. Qd2 Rcxf6 47. Qd3 Re6 48. Kh2 Rb6 49. Qe4 Rb4 50. Qd3 Rbf4 51. Qc2 Rd4 52. Qc6+ Rf6 53. Qc2+ Kg7 54. Qc3 Rd5 55. Qe1 0-1

[Event "FIDE WRBTC Blitz-Pool 2024"]
[Site "Astana"]
[Date "2024.08.05"]
[Round "3.35"]
[White "Kaliakhmet, Elnaz"]
[Black "Kaipbayev, Aday"]
[Result "1-0"]
[WhiteElo "2137"]
[BlackElo "1711"]
[Annotator "ChessBase"]
[PlyCount "71"]
[EventDate "2024.08.01"]
[EventType "team-tourn"]
[EventCountry "KAZ"]
[SourceTitle "playchess.com"]
[Source "ChessBase"]
[SourceQuality "1"]

1. d4 Nf6 2. c4 g6 3. Nc3 d5 4. cxd5 Nxd5 5. e4 Nxc3 6. bxc3 Bg7 7. Nf3 c5 8. Be3 Qa5 9. Qd2 O-O 10. Rc1 Bg4 11. d5 Rd8 12. c4 Qxd2+ 13. Nxd2 Na6 14. h3 Bd7 15. f4 e6 16. Kf2 Rab8 17. Nb3 b6 18. Be2 exd5 19. cxd5 Nc7 20. Bf3 Nb5 21. e5 Bf5 22. g4 Bd3 23. a4 Na3 24. Rc3 c4 25. Nd2 Nc2 26. Nxc4 Nxe3 27. Nxe3 Ba6 28. Rhc1 Bb7 29. d6 Bxf3 30. Kxf3 h5 31. Rc7 b5 32. axb5 Rxb5 33. Rc8 Rb8 34. Rxb8 Rxb8 35. d7 Kh7 36. Rc8 1-0

[Event "FIDE WRBTC Blitz-Pool 2024"]
[Site "Astana"]
[Date "2024.08.05"]
[Round "3.35"]
[White "Degenbayev, Altair"]
[Black "Kulon, Klaudia"]
[Result "0-1"]
[WhiteElo "1460"]
[BlackElo "2415"]
[Annotator "ChessBase"]
[PlyCount "50"]
[EventDate "2024.08.01"]
[EventType "team-tourn"]
[EventCountry "KAZ"]
[SourceTitle "playchess.com"]
[Source "ChessBase"]
[SourceQuality "1"]

1. e4 e5 2. Nf3 Nc6 3. d4 exd4 4. Bc4 Bc5 5. Ng5 Nh6 6. Nxf7 Nxf7 7. Bxf7+ Kxf7 8. Qh5+ g6 9. Qxc5 d6 10. Qb5 Re8 11. Qb3+ Be6 12. Qf3+ Kg8 13. O-O Qd7 14. Qe2 Ne5 15. Nd2 c5 16. f4 Nc6 17. Qf2 Bf7 18. f5 d5 19. exd5 Qxd5 20. f6 Re5 21. Qh4 Rh5 22. Qf4 Re8 23. Nf3 c4 24. Ng5 Re2 25. Nxf7 Qxg2# 0-1

[Event "FIDE WRBTC Blitz-Pool 2024"]
[Site "Astana"]
[Date "2024.08.05"]
[Round "3.36"]
[White "Kurlak, Jakub"]
[Black "Bakytzhanuly, Sanzhar"]
[Result "0-1"]
[WhiteElo "1828"]
[BlackElo "1549"]
[Annotator "NA"]
[PlyCount "110"]
[EventDate "2024.08.01"]
[EventType "team-tourn"]
[EventCountry "KAZ"]
[SourceTitle "playchess.com"]
[Source "ChessBase"]
[SourceQuality "1"]

1. d4 d5 2. Nf3 Nf6 3. g3 e6 4. Bg2 Be7 5. O-O O-O 6. Re1 b6 7. b3 Bb7 8. Bb2 Nbd7 9. Nbd2 Ne4 10. Nxe4 dxe4 11. Nd2 f5 12. f3 Nf6 13. fxe4 Nxe4 14. Nxe4 fxe4 15. e3 Qd5 16. Qg4 Rf6 17. c4 Qf5 18. Qe2 Qg5 19. d5 exd5 20. Bxf6 Bxf6 21. cxd5 Bxa1 22. Rxa1 Bxd5 23. Rf1 Rf8 24. Qd2 Rxf1+ 25. Bxf1 Qe5 26. Kg2 c5 27. Be2 Kf7 28. Bb5 Ke6 29. Qe2 Qf5 30. Ba6 Qf3+ 31. Qxf3 exf3+ 32. Kf2 Ke5 33. Bc8 h5 34. g4 h4 35. g5 g6 36. Bg4 Be4 37. Bxf3 Bxf3 38. Kxf3 Kf5 39. e4+ Ke5 40. Ke3 b5 41. a4 bxa4 42. bxa4 c4 43. a5 a6 44. h3 c3 45. Kd3 c2 46. Kxc2 Kxe4 47. Kb3 Kf3 48. Kc4 Kg3 49. Kc5 Kxh3 50. Kb6 Kg3 51. Kxa6 h3 52. Kb6 h2 53. a6 h1=Q 54. a7 Qa8 55. Kc7 Kg4 0-1

[Event "FIDE WRBTC Blitz-Pool 2024"]
[Site "Astana"]
[Date "2024.08.05"]
[Round "3.36"]
[White "Bozhgulova, Zaynabkhan"]
[Black "Akhmetov, Burkut"]
[Result "0-1"]
[WhiteElo "1605"]
[BlackElo "1400"]
[Annotator "NA"]
[PlyCount "52"]
[EventDate "2024.08.01"]
[EventType "team-tourn"]
[EventCountry "KAZ"]
[SourceTitle "playchess.com"]
[Source "ChessBase"]
[SourceQuality "1"]

1. b3 e5 2. Bb2 Nc6 3. e3 d5 4. Nf3 Bd6 5. Be2 Nf6 6. O-O O-O 7. c4 dxc4 8. Bxc4 Bg4 9. Be2 e4 10. Nd4 Ne5 11. h3 Bxe2 12. Qxe2 Nd3 13. Nc3 Nxb2 14. f3 Nd3 15. fxe4 Ne5 16. Nf5 Ng6 17. d4 Bb4 18. Qc4 Bxc3 19. Qxc3 Nxe4 20. Qb2 Qd5 21. h4 Rae8 22. Rac1 c6 23. Qe2 b6 24. Qg4 Nf6 25. Qg3 Re4 26. h5 Nxh5 0-1

[Event "FIDE WRBTC Blitz-Pool 2024"]
[Site "Astana"]
[Date "2024.08.05"]
[Round "3.37"]
[White "Sindarov, Javokhir"]
[Black "Muldagaliyev, Dauren"]
[Result "1-0"]
[WhiteElo "2674"]
[BlackElo "1929"]
[Annotator "ChessBase"]
[PlyCount "75"]
[EventDate "2024.08.01"]
[EventType "team-tourn"]
[EventCountry "KAZ"]
[SourceTitle "playchess.com"]
[Source "ChessBase"]
[SourceQuality "1"]

1. e4 e5 2. Nf3 Nc6 3. Bc4 Bc5 4. Nc3 Nf6 5. d3 h6 6. O-O O-O 7. a3 a5 8. Be3 d6 9. Bxc5 dxc5 10. h3 Qd6 11. a4 Nd4 12. Nd2 Be6 13. Ne2 Rad8 14. Ng3 Kh8 15. Kh1 b6 16. Bxe6 fxe6 17. Nc4 Qe7 18. Nxe5 Qe8 19. f4 Nd7 20. Nc4 Qg6 21. Ne2 Nf6 22. Nxd4 cxd4 23. Ne5 Qe8 24. Kh2 Nd7 25. Nc4 Nf6 26. Qf3 Nh5 27. Qg4 Nf6 28. Qh4 Kg8 29. Rf3 Qh5 30. Qg3 Qf7 31. Raf1 Qe8 32. b3 Nh5 33. Qh4 Nf6 34. f5 exf5 35. Rxf5 Nh7 36. Qg3 Rxf5 37. Rxf5 Nf8 38. Qxc7 1-0

[Event "FIDE WRBTC Blitz-Pool 2024"]
[Site "Astana"]
[Date "2024.08.05"]
[Round "3.37"]
[White "Williams, Justus"]
[Black "Bilguun, Sumiya"]
[Result "1-0"]
[WhiteElo "2361"]
[BlackElo "2470"]
[Annotator "ChessBase"]
[PlyCount "73"]
[EventDate "2024.08.01"]
[EventType "team-tourn"]
[EventCountry "KAZ"]
[SourceTitle "playchess.com"]
[Source "ChessBase"]
[SourceQuality "1"]

1. e4 c5 2. Nf3 d6 3. d4 cxd4 4. Nxd4 Nf6 5. Nc3 a6 6. h3 e5 7. Nb3 Be7 8. Be3 Be6 9. Qf3 h5 10. O-O-O Nbd7 11. Kb1 Rc8 12. Nd5 Bxd5 13. exd5 Qc7 14. c3 Nb6 15. g4 Nc4 16. Bc1 e4 17. Qg2 g6 18. g5 Nh7 19. Qxe4 b5 20. Re1 Kf8 21. h4 Re8 22. Qd4 Kg8 23. f4 Nf8 24. Bd3 Rh7 25. Rhf1 Nd7 26. Re2 Rg7 27. Rfe1 f5 28. Qf2 Nf8 29. Nd4 Nb6 30. Qf3 Qc5 31. Bc2 Kh7 32. Nxf5 gxf5 33. Qxh5+ Kg8 34. Qxe8 Nxd5 35. Bb3 Kh7 36. Qh5+ Kg8 37. Rxe7 1-0

[Event "FIDE WRBTC Blitz-Pool 2024"]
[Site "Astana"]
[Date "2024.08.05"]
[Round "3.38"]
[White "Chinguun, Sumiya"]
[Black "Ishmukhametov, Adil"]
[Result "1-0"]
[WhiteElo "2389"]
[BlackElo "2077"]
[Annotator "ChessBase"]
[PlyCount "59"]
[EventDate "2024.08.01"]
[EventType "team-tourn"]
[EventCountry "KAZ"]
[SourceTitle "playchess.com"]
[Source "ChessBase"]
[SourceQuality "1"]

1. e4 c5 2. Nc3 Nc6 3. Bb5 Nd4 4. Nf3 Nxb5 5. Nxb5 a6 6. Nc3 e6 7. d4 cxd4 8. Qxd4 d6 9. Bg5 Nf6 10. O-O-O h6 11. Bh4 Be7 12. Bxf6 gxf6 13. g4 e5 14. Qd3 Bxg4 15. Nd5 Rc8 16. Rhg1 h5 17. h3 Be6 18. Nh4 Qa5 19. Nxe7 Kxe7 20. Qxd6+ Ke8 21. Ng6 Rxc2+ 22. Kxc2 Qa4+ 23. Kd2 Qa5+ 24. Ke3 fxg6 25. Qxe6+ Kf8 26. Qxf6+ Ke8 27. Qxg6+ Ke7 28. Qg7+ Ke8 29. Qxh8+ Kf7 30. Rg7+ 1-0